Country Logic Puzzle by Scambigol #31 - Statistics

General Stats
  • This quiz has been taken 120 times
  • The average score is 16 of 41
Answers on the Map
Answers color-coded by a green-red scale on the quiz's map according to % correct below.
 
Answer Stats
Country % Correct
Brunei
77%
Malaysia
77%
East Timor
75%
Indonesia
75%
United Arab Emirates
69%
Yemen
69%
Oman
67%
North Korea
42%
South Korea
42%
Iraq
40%
Israel
40%
Jordan
40%
Kuwait
40%
Lebanon
40%
Qatar
40%
Saudi Arabia
40%
Syria
40%
Bangladesh
38%
Turkey
38%
Cambodia
37%
Laos
37%
Myanmar
37%
Thailand
37%
Vietnam
37%
Russia
35%
Georgia
31%
Armenia
29%
Bhutan
27%
China
27%
India
27%
Mongolia
27%
Nepal
27%
Iran
23%
Kazakhstan
21%
Afghanistan
17%
Pakistan
17%
Azerbaijan
13%
Kyrgyzstan
13%
Tajikistan
13%
Turkmenistan
13%
Uzbekistan
13%
No matching quizzes found
Score Distribution
Percent of People with Each Score
Percentile by Number Answered
Your Score History
You have not taken this quiz